[Event "Niedersachsen-ch Seniors op 09th"]
[Site "Bad Bevensen"]
[Date "2006.06.27"]
[Round "4"]
[White "Herzel, Alois"]
[Black "Kluge, Hans Christof"]
[Result "1/2-1/2"]
[WhiteElo "1710"]
[BlackElo "1595"]
[PlyCount "44"]
[EventDate "2006.06.24"]
[EventType "swiss"]
[EventRounds "9"]
[EventCountry "GER"]
[SourceTitle "EXT 2022"]
[Source "ChessBase"]
[SourceDate "2021.10.06"]
[SourceVersion "1"]
[SourceVersionDate "2021.10.06"]
[SourceQuality "1"]

1. d4 Nf6 2. c4 g6 3. Nc3 Bg7 4. e4 d6 5. f3 0-0 6. Be3 Na6 7. Qd2 c5 8. d5 Re8 9. 0-0-0 Bd7 10. g4 Qa5 11. Kb1 Nc7 12. Nb5 Qb6 13. Nxc7 Qxc7 14. g5 Nh5 15. Bh3 Reb8 16. Bxd7 Qxd7 17. Qc2 b5 18. b3 bxc4 19. Qxc4 Rb4 20. Qc2 Rab8 21. Ne2 R4b5 22. Ng3 a5 1/2-1/2

[Event "Niedersachsen-ch Seniors op 09th"]
[Site "Bad Bevensen"]
[Date "2006.06.24"]
[Round "1"]
[White "Ljubarskij, Jurij"]
[Black "Herzel, Alois"]
[Result "1-0"]
[WhiteElo "2222"]
[BlackElo "1710"]
[PlyCount "61"]
[EventDate "2006.06.24"]
[EventType "swiss"]
[EventRounds "9"]
[EventCountry "GER"]
[SourceTitle "EXT 2022"]
[Source "ChessBase"]
[SourceDate "2021.10.06"]
[SourceVersion "1"]
[SourceVersionDate "2021.10.06"]
[SourceQuality "1"]

1. e4 c5 2. c3 d5 3. exd5 Qxd5 4. d4 Nf6 5. Nf3 e6 6. Be2 Be7 7. c4 Qd8 8. Nc3 cxd4 9. Nxd4 0-0 10. 0-0 Nc6 11. Nxc6 bxc6 12. Bf3 Bb7 13. Bf4 Qxd1 14. Rfxd1 Rfd8 15. Be3 Rxd1+ 16. Rxd1 e5 17. Ne4 Rb8 18. Bxa7 Ra8 19. Bc5 Kf8 20. Bxe7+ Kxe7 21. Nc5 Rb8 22. b3 Ba8 23. g4 g5 24. Re1 Kd6 25. Nd3 Nd7 26. c5+ Kc7 27. Be4 Nf8 28. Bf5 Ng6 29. Nxe5 Rd8 30. Nc4 Bb7 31. Nd6 1-0

[Event "Mecklenburg VP Seniors op 10th"]
[Site "Plau am See"]
[Date "2006.04.06"]
[Round "4"]
[White "Grinspan, David"]
[Black "Herzel, Alois"]
[Result "1-0"]
[WhiteElo "1652"]
[BlackElo "1701"]
[PlyCount "99"]
[EventDate "2006.04.03"]
[EventType "swiss"]
[EventRounds "7"]
[EventCountry "GER"]
[SourceTitle "EXT 2007"]
[Source "ChessBase"]
[SourceDate "2006.11.23"]
[SourceVersion "1"]
[SourceVersionDate "2006.11.23"]
[SourceQuality "1"]

1. d4 d5 2. Bf4 e6 3. e3 Nf6 4. Bd3 c5 5. dxc5 Bxc5 6. Nf3 Nc6 7. 0-0 Bd6 8. Bg5 h6 9. Bh4 Be7 10. Nbd2 0-0 11. c3 e5 12. Bc2 e4 13. Nd4 Nxd4 14. cxd4 Nh7 15. Bg3 f5 16. Nb3 b6 17. Rc1 Ba6 18. Re1 Bd6 19. f4 Nf6 20. a3 Rc8 21. Nd2 Qd7 22. Bh4 Be7 23. Bxf6 Bxf6 24. b4 g5 25. g3 Kg7 26. h3 Qf7 27. a4 Rc7 28. b5 Bb7 29. Nb3 a5 30. Qd2 Rfc8 31. Bb1 Qd7 32. Rc2 Rxc2 33. Bxc2 Be7 34. Qe2 Qc7 35. Bd1 Qc4 36. Qf2 Kg6 37. g4 Rf8 38. gxf5+ Rxf5 39. Nd2 Qc7 40. Bg4 Rf8 41. f5+ Kg7 42. Nf1 Bd6 43. Re2 Kf6 44. Rc2 Qd7 45. Ng3 Bxg3 46. Qxg3 Rc8 47. Qe5+ Kf7 48. f6 Qxg4+ 49. hxg4 Rxc2 50. Qe7+ 1-0